000 00365nam a2200157Ia 4500
003 OSt
005 20240206110014.0
008 170523s9999 xx 000 0 und d
020 _a978-9351422631
040 _ciimt university meerut
100 _aRATHOR- RATHOR
245 0 _aEXPORT MARKETING
260 _bHIMALAYA PUBLICATION
260 _c1997
942 _2ddc
_c02
999 _c330
_d330